| 000 | 00846cam a2200205 a 4500 | ||
|---|---|---|---|
| 005 | 2012010907487.0 | ||
| 020 |
_a9788189934385 _c150.00 |
||
| 037 | _bPUB | ||
| 100 |
_aDamm, Antje _938626 |
||
| 245 |
_aFledolin: _cby Antje Damm; translated from the German by Shatabadi Ghosh & Sophie Trauer _bupside down / |
||
| 260 |
_aNew Delhi _bKatha _c2009 |
||
| 270 |
_aA3 Sarvodaya Enclave Sri Aurobindo Marg, _bNew Delhi _e110017 _k26524350 _l26514373 _mkathavilasam@katha.org |
||
| 300 |
_aunpages _c26cm(pbk) _bill. |
||
| 650 |
_aShort stories, Indic _xTranslations into English. _938627 |
||
| 650 |
_aIndic fiction _y20th century _xTranslations into English. _938628 |
||
| 700 |
_aGhosh, Shatabadi _938629 |
||
| 700 |
_a Trauer, Sophie _938630 |
||
| 942 |
_2ddc _cCH _mDAM |
||
| 999 |
_c60502 _d60502 |
||